| 000 | 00504nab a2200145Ia 4500 | ||
|---|---|---|---|
| 003 | ES-SlBCS | ||
| 005 | 20221001115351.0 | ||
| 008 | 140529s2002 xxu||||| |||| 00| 0 eng d | ||
| 041 | _aeng | ||
| 100 | 1 |
_aPringle, Denys _947473 |
|
| 245 | 0 | 4 |
_aThe Fief of Aimery of Franclieu and the Estate of the Abbey of St Mary of Mount Sion in the Territory of Jerusalem _c Denys Pringle |
| 651 | 4 |
_aJerusalén _992390 |
|
| 773 | 0 |
_tRevue Biblique Internacionale _gvol. 109, 2002, págs. 587-601 _wRev879 |
|
| 942 | _cAR | ||
| 999 |
_c531831 _d531831 |
||